ห้องสมุด วิทยาลัยพยาบาลบรมราชชนนี อุดรธานี Boromarajonani College of Nursing, Udonthani
mysqli: Table './ulib2015/stat_globaluid' is marked as crashed and last (automatic?) repair failed select id from stat_globaluid where statuid='20260418005937_4659' mysqli: Table './ulib2015/stat_globaluid' is marked as crashed and last (automatic?) repair failed DELETE FROM stat_globaluid
WHERE id NOT IN (
SELECT id
FROM (
SELECT id
FROM stat_globaluid
ORDER BY id DESC
LIMIT 100
) foo
); mysqli: Table './ulib2015/stat_globaluid' is marked as crashed and last (automatic?) repair failed insert into stat_globaluid set
statuid='20260418005937_4659',
dt='1776448777',
phpself='/ULIB/dublinfull.php',
agent='Mozilla/5.0 AppleWebKit/537.36 (KHTML, like Gecko; compatible; ClaudeBot/1.0; +claudebot@anthropic.com)',
yea='2026',
mon='4',
dat='18',
ip='216.73.216.55'
LEADER 00674nam 2200229 a 4500
001 12471
003 ULIBM
008 020911s2541 th m a001 0 tha d
050 4 ^aWX2^bจ234ร 2541
245 10 ^aรายงานการดำเนินงาน ปีงบประมาณของวิทยาลัยพยาบาลบรมราชชนนี จักรีรัช/^cวิทยาลัยพยาบาลบรมราชชนนี จักรีรัช
250 ^aพิมพ์ครั้งที่ 1.
260 ^aกรุงเทพฯ:^bมปท,^c2541
300 ^a 192 หน้า.
650 7 ^aวิทยาลัยพยาบาลบรมราชชนนี จักรีรัช--งบประมาณ
700 0 ^aรายงานการดำเนินงาน
945 ^p0^l0^i1866
999 ^aลิขิตลักษณ์
คุณยังไม่ได้ล็อกอิน คุณสามารถมีกิจกรรมร่วมกับเว็บไซต์ได้ แต่ต้องล็อกอินก่อน ::
ลำดับที่
ประเภท
เลขเรียก /บาร์โค้ด
สถานที่
สถานะ
1.
หนังสือการพยาบาล WX2 จ234ร 2541 Barcode: 1866 หนังสือทั่วไป On Shelf [แสดง 1/1 รายการ]
mysqli: Can't create/write to file '/var/tmp/#sql_59d_0.MAI' (Errcode: 2) select * from index_db where titl like '%รายงานการดำเนินงาน ปีงบประมาณของวิทยาลัยพยาบาลบรมราชชนนี จักรีรัช/ วิทยาลัยพยาบาลบรมราชชนนี จักรีรัช%' and mid<>'12471' order by rand() limit 3 mysqli: Can't create/write to file '/var/tmp/#sql_59d_0.MAI' (Errcode: 2) select * from index_db where subj like '%วิทยาลัยพยาบาลบรมราชชนนี จักรีรัช--งบประมาณ%' and mid<>'12471' order by rand() limit 3
ยังไม่เคยถูกคอมเมนท์
คอมเมนท์ทรัพยากรรายการนี้
JavaScript must be enabled in order for you to use Google Maps.
However, it seems JavaScript is either disabled or not supported by your browser.
To view Google Maps, enable JavaScript by changing your browser options, and then
try again.